000 00655nam a2200241Ia 4500
008 160319s9999 xx 000 0 und d
020 _a1843321572
050 _a745.6
050 _b.L438 2004
245 _aLearn to write your letters ABC /
260 _a New York :
260 _bPriddy Books.
260 _c2004
300 _a 26 unnumbered pages :
300 _b illustrations ;
300 _c25 cm.
500 _a Wipe clean shaped board book with pen.
650 _aAlphabets --
650 _aPenmanship --
650 _aToy and movable books -- Specimens.
650 _xJuvenile literature.
650 _xJuvenile literature.
999 _c292016
_d292016